| 000 | 00000nam##2200000za#4500 |
| 001 | 9.606937 |
| 003 | CaOODSP |
| 005 | 20210624212856 |
| 007 | cr ||||||||||| |
| 008 | 150406|1992||||xxc|||||o f|0| 0 fre|d |
| 040 | |aCaOODSP|bfre |
| 043 | |an-cn--- |
| 086 | 1 |aEn49-24/1-24F-PDF |
| 110 | 1 |aCanada.|bEnvironnement Canada. |bCentre de Technologie Environnementale. |
| 245 | 10|aMéthode d'essai biologique - essai de toxicité sur la bactérie luminescente |h[ressource électronique] |
| 260 | |aOttawa - Ontario : |bEnvironnement Canada. |cNovembre 1992, c1993. |
| 300 | |a79p.|bfigures, glossaire, références, tableaux |
| 490 | 1 |aSérie de la Protection de l'environnement. [Méthodes de référence] |vSPE 1/RM/24 |
| 500 | |aLe n° de catalogue (En49-24/1-24F) et l'ISBN (0-662-98128-6) de l'édition imprimée ont été copiés dans l'édition électronique. |
| 546 | |a(Abstract in English). |
| 590 | |a14-21-Supp|b2014-12-11 |
| 691 | 07|aÉcosystème aquatique|2gcpds |
| 691 | 07|aProduit toxique|2gcpds |
| 775 | 08|tBiological test method - toxicity test using luminescent bacteria |w(CaOODSP)9.579452 |
| 776 | 0#|tMéthode d'essai biologique: essai de toxicité sur la bactérie luminescente Photobacterium phosphoreum |w(CaOODSP)9.620802 |
| 830 | #0|aSérie de la Protection de l'environnement. [Méthodes de référence]|vSPE 1/RM/24|w(CaOODSP)9.501305 |
| 856 | 40|ahttp://publications.gc.ca|qPDF|s813 Ko|uhttps://publications.gc.ca/collections/collection_2014/ec/En49-24-1-24-fra.pdf|ySPE 1/RM/24 |